Phipson on evidence

Saved in:
Bibliographic Details
Main Author: Howard,M.N
Other Authors: Crane,Peter, Hochberg,Daniel
Format: Book
Published: New York : Sweet and Maxwell.; c 1990.
Edition:4th ed.
Subjects:
Tags: Add Tag
No Tags, Be the first to tag this record!

MARC

LEADER 00000nam a22000007a 4500
005 20251009115207.0
020 |a 0421385901  |c TZS.58,800/= 
040 |a MCCL  |b eng.  |e AACR 2nd rev.ed. 
082 |a 344.2076 PHI 
100 |a Howard,M.N 
245 |a Phipson on evidence  |c / M.N.Howard ...[et al] 
250 |a 4th ed. 
260 |a New York :  |b Sweet and Maxwell.;  |c c 1990. 
300 |a cxxv, 1239 p. :  |c 25 cm. 
504 |a Includes index. 
546 |a eng. 
650 |a Law of evidence 
650 |a Common law 
650 |a Privilege 
700 |a Crane,Peter 
700 |a Hochberg,Daniel 
942 |c BK 
999 |c 12385  |d 12385